Lepší než reklama
Stagnácia klasickej reklamy. Náklady na public relations (PR) stúpajú už 20 rokov. Corporate Communication (CC) - komunikácia s verejnosťou. Z najlepších tlačových šéfov sa stávajú odborníci na komunikáciu. Najdôležitejšie nástroje komunikácie. Nové formy reklamy.
Na minha lista:
| Formato: | Capítulo de Livro |
|---|---|
| Idioma: | tcheco |
| Assuntos: | |
| Tags: |
Sem tags, seja o primeiro a adicionar uma tag!
|
MARC
| LEADER | 00000naa a2200000 4500 | ||
|---|---|---|---|
| 001 | r015521 | ||
| 005 | 20221213082442.5 | ||
| 041 | 0 | |a cze | |
| 044 | |a CZ | ||
| 245 | 1 | 0 | |a Lepší než reklama |
| 520 | |a Stagnácia klasickej reklamy. Náklady na public relations (PR) stúpajú už 20 rokov. Corporate Communication (CC) - komunikácia s verejnosťou. Z najlepších tlačových šéfov sa stávajú odborníci na komunikáciu. Najdôležitejšie nástroje komunikácie. Nové formy reklamy. | ||
| 610 | 2 | 0 | |a práca s verejnosťou |
| 610 | 2 | 0 | |a reklama |
| 610 | 2 | 0 | |a komunikácia |